000 00805nam a22003010a 4500
001 PT44079
003 AR-LpoUNG
005 20210131231012.0
008 191001s2009||||ag |||||||||||||||||spa d
020 _a9789505633852
_c$10.15
040 _aAR-LpoUNG
_bspa
_cAR-LpoUNG
_eaacr
041 _aspa
044 _aag
082 0 _a808.068 3 342gat
100 1 _aMaritano, Alma
245 1 3 _aEl misterio de los gatos egipcios
250 _a1ra. ed.
260 _aBuenos Aires :
_bColihue,
_c2009.
300 _a164 p. :
_bil.
505 0 _a Sugerido a partir de 8 aƱos (etiqueta CELESTE)
650 4 _aCUENTOS
650 4 _aLITERATURA
651 4 _aDOCUMENTOS TEORICOS O METODOLOGICOS
653 _aLITERATURA INFANTIL
700 1 _aLalia, Horacio
_eil.
905 _a44079
942 _cLIB
999 _c7431
_d7431